Statistics for Frozen - Love is an open door lyrics

Click here to take the quiz!

General Stats

  • This quiz has been taken 2,148 times
    (1,995 since last reset)
  • The average score is 97 of 189

Answer Stats

Answer% Correct
All
99%
Life
99%
My
99%
A
97%
Been
97%
Has
97%
Doors
96%
Face,
96%
In
96%
My
96%
Of
96%
Series
96%
And
93%
I
92%
Suddenly
91%
Then
90%
Into
83%
You.
83%
I
81%
Was
70%
The
69%
Same
68%
Thing.
68%
Thinking
68%
Find
67%
Life
67%
My
67%
My
67%
To
67%
Whole
67%
Been
66%
Own
66%
Place.
66%
Searching
66%
But
65%
Cause
65%
Chocolate
65%
Fondue.
65%
It's
65%
I've
65%
Or
65%
Talking
65%
The
65%
The
65%
With
65%
You.
65%
And
64%
Maybe
64%
Party
64%
But
63%
I
63%
Like,
63%
With
63%
You.
63%
An
59%
An
59%
Door,
59%
Door,
59%
Is
59%
Is
59%
Love
59%
Love
59%
Open
59%
Open
59%
And
58%
I
58%
Before.
57%
Bumped
57%
Ever
57%
Face.
57%
It's
57%
I've
57%
Like
57%
Nothing
57%
See
57%
Your
57%
Is
56%
Known
56%
Love
56%
An
55%
Door.
55%
Open
55%
My
53%
With
53%
With
53%
You,
53%
You,
53%
Found
52%
Place,
52%
With
52%
With
52%
You,
52%
An
51%
Door.
51%
Is
51%
Love
51%
Open
51%
You.
51%
I
49%
Finish
48%
Crazy
47%
Each
47%
It's
47%
Other's
47%
We
47%
What?
47%
I
46%
Sandwiches.
46%
That's
46%
What
46%
Gonna
45%
Mean
45%
Say!
45%
Was
45%
I've
44%
Never
44%
Met
43%
Someone
43%
Who
43%
Like
42%
Me.
42%
Much
42%
So
42%
Thinks
42%
Again!
41%
Our
41%
Jinx
40%
Jinx!
40%
Mental
40%
Can
38%
But
37%
Have
37%
One
37%
And
36%
Explanation,
36%
I
36%
Just
36%
You
36%
Be.
35%
Meant
35%
To
35%
Were
35%
Goodbye,
34%
Say
34%
Synchronization
34%
Goodbye,
33%
Say
33%
The
33%
To
33%
Of
32%
Pain
32%
The
32%
Don't
31%
Have
31%
Past.
31%
To
31%
We
31%
An
30%
Feel
30%
Is
30%
It
30%
Love
30%
Anymore.
29%
Door
29%
Open
29%
An
28%
Door.
28%
Is
28%
Love
28%
Open
28%
Is
24%
Life
24%
Love
24%
An
23%
Be
23%
Can
23%
Door.
23%
More.
23%
Much
23%
Open
23%
So
23%
With
23%
With
23%
With
23%
You,
23%
You,
23%
You,
23%
With
22%
You,
22%

Score Distribution

Percentile by Number Answered

Percent of People with Each Score

Your Score History

You have not taken this quiz since the last reset